Inflation and rental change in industrial property (Record no. 75855)
[ view plain ]
| 000 -LEADER | |
|---|---|
| fixed length control field | 01163cab a2200193 4500 |
| 001 - CONTROL NUMBER | |
| control field | L130873 |
| 008 - FIXED-LENGTH DATA ELEMENTS--GENERAL INFORMATION | |
| fixed length control field | 050909n2005 000 0 eng u |
| 035 ## - SYSTEM CONTROL NUMBER | |
| System control number | (Sirsi) u130873 |
| 041 ## - LANGUAGE CODE | |
| Language code of text/sound track or separate title | eng |
| 100 ## - MAIN ENTRY--PERSONAL NAME | |
| Personal name | Jackson, Catherine |
| 245 ## - TITLE STATEMENT | |
| Title | Inflation and rental change in industrial property |
| Remainder of title | a multi-level analysis |
| 260 ## - PUBLICATION, DISTRIBUTION, ETC. | |
| Date of publication, distribution, etc. | 2005 |
| 490 ## - SERIES STATEMENT | |
| Series statement | Journal of Property Investment and Finance |
| Volume/sequential designation | 23(4) 2005, 342-363(21) |
| 520 ## - SUMMARY, ETC. | |
| Summary, etc. | The industrial property market has traditionally been under-researched but, in recent years, studies have ranged from examining rental change at the national level to examining supply factors at the local level. These studies are valuable to the real estate community, but there still remain significant gaps. The interaction between inflation and rental change has been largely overlooked at all levels of data aggregation. Further, the relative importance of national factors, and regional and local factors, in rental determination has also been ignored. [Taken from journal abstract.] |
| 590 ## - LOCAL NOTE (RLIN) | |
| Local note | IKA130905 |
| 690 ## - LOCAL SUBJECT ADDED ENTRY--TOPICAL TERM (OCLC, RLIN) | |
| Topical term or geographic name as entry element | PROPERTY-COMMERCIAL PROPERTY-LEASED COMMERCIAL PROPERTY |
| 700 ## - ADDED ENTRY--PERSONAL NAME | |
| Personal name | White, Michael |
| 942 ## - ADDED ENTRY ELEMENTS (KOHA) | |
| Suppress in OPAC | 0 |
| Withdrawn status | Lost status | Source of classification or shelving scheme | Damaged status | Not for loan | Home library | Current library | Shelving location | Date acquired | Total Checkouts | Full call number | Barcode | Date last seen | Copy number | Price effective from | Koha item type |
|---|---|---|---|---|---|---|---|---|---|---|---|---|---|---|---|
| Dewey Decimal Classification | London | London | Journal article | 09/09/2005 | L130873 | 130873-1001 | 06/08/2019 | 1 | 06/08/2019 | Journal article |